| 000 -LEADER |
| fixed length control field |
01073nam a22001457a 4500 |
| 008 - FIXED-LENGTH DATA ELEMENTS--GENERAL INFORMATION |
| fixed length control field |
220702b ||||| |||| 00| 0 eng d |
| 100 ## - MAIN ENTRY--PERSONAL NAME |
| Personal name |
Parekh, Charmie |
| 245 ## - TITLE STATEMENT |
| Title |
NFT explained |
| 260 ## - PUBLICATION, DISTRIBUTION, ETC. (IMPRINT) |
| Place of publication, distribution, etc |
Yojana |
| 300 ## - PHYSICAL DESCRIPTION |
| Extent |
66(6), Jun, 2022: p.35-37 |
| 520 ## - SUMMARY, ETC. |
| Summary, etc |
Artists need a platform to showcase their piece of art and to monetize it in order to earn a living and to ensure the protection of the source, the ownership, the copyright, and its future value. With the invention of non-fungible token (NFT) a technology that allows creators and artists to bypass the intermediary altogether, decentralization allows artist and creates to gain control not just over the fanatical value of their artworks buy also over the ownership and copyright of the same. It all started with a set of 10,000 randomly generated pixilated images that proved the demand for digital ownership of non-physical objects and collectibles in 2017, and he market has been evolving rapidly eve sicne. – Reproduced
|
| 773 ## - HOST ITEM ENTRY |
| Main entry heading |
Yojana |
| 906 ## - LOCAL DATA ELEMENT F, LDF (RLIN) |
| Subject DIP |
ART AND TECHNOLOGY |
| 942 ## - ADDED ENTRY ELEMENTS (KOHA) |
| Item type |
Articles |